000 00364nam a2200133Ia 4500
008 230917s9999||||xx |||||||||||||| ||und||
040 _e169786
_aMAIN
041 _aEnglish
082 _a891.432741 SP41A
100 _aसगल, प्रताप
245 0 _aअंधेरे में
260 _aदिल्ली
_bअभिनव
_c1978
942 _cHN
999 _c193181
_d193181